Mechanics of materials (Record no. 7098)

000 -LEADER
fixed length control field 00515nam a2200193 a 4500
001 - CONTROL NUMBER
control field 7098
003 - CONTROL NUMBER IDENTIFIER
control field BD-DhUET
008 - FIXED-LENGTH DATA ELEMENTS--GENERAL INFORMATION
fixed length control field 900618s1991 nyua 001 0 eng
040 ## - CATALOGING SOURCE
Original cataloging agency DLC
Transcribing agency DLC
Modifying agency BD-DhUET
082 00 - DEWEY DECIMAL CLASSIFICATION NUMBER
Classification number 620.11
Item number LAU/1954
100 ## - MAIN ENTRY--PERSONAL NAME
Personal name Laurson,Philip Gustave
245 10 - TITLE STATEMENT
Title Mechanics of materials
250 ## - EDITION STATEMENT
Edition statement 3rd ed.
260 ## - PUBLICATION, DISTRIBUTION, ETC. (IMPRINT)
Place of publication, distribution, etc. New York
Name of publisher, distributor, etc. John wiley & sons
Date of publication, distribution, etc. 1954
300 ## - PHYSICAL DESCRIPTION
Extent vii, 414 p.
Other physical details ill.
Dimensions 25 cm.
650 #0 - SUBJECT ADDED ENTRY--TOPICAL TERM
Topical term or geographic name as entry element Strength of materials engineering
700 ## - ADDED ENTRY--PERSONAL NAME
Personal name Cox, William Junkin
942 ## - ADDED ENTRY ELEMENTS (KOHA)
Koha item type General Book
Holdings
Koha date last seen Koha full call number Withdrawn status Shelving location Piece designation (barcode) Sublocation or collection (holding branch) Copy number Lost status Koha normalized classification for sorting Koha date last borrowed Location (home branch) Koha item type Source of classification or shelving scheme Koha issues (times borrowed) Not for loan Price effective from Date acquired Damaged status
2019-12-04620.11/LAU/1954 Circulation section74309Central Library, BUET1 620_000000000000000_11LAU19542019-10-30Central Library, BUETGeneral Book 1 2014-12-072014-12-07 
2014-12-07620.11/LAU/1954 Circulation section74310Central Library, BUET2 620_000000000000000_11LAU1954 Central Library, BUETGeneral Book   2014-12-072014-12-07 
2015-03-30620.11/LAU/1954 Circulation section17491Central Library, BUET3 620_110000000000000_LAU_1954 Central Library, BUETGeneral Book   2015-03-302015-03-30 
2015-04-30620.11/LAU/1954 Circulation section54025Central Library, BUET4 620_110000000000000_LAU_1954 Central Library, BUETGeneral Book   2015-04-302015-04-30 
2015-04-30620.11/LAU/1954 Circulation section54027Central Library, BUET5 620_110000000000000_LAU_1954 Central Library, BUETGeneral Book   2015-04-302015-04-30 
2015-06-20620.11/LAU/1964 Reading section54022Central Library, BUET6 620_110000000000000_LAU_1964 Central Library, BUETReading Item   2015-06-202015-06-20 
2015-06-20620.11/LAU/1964 Reading section54018Central Library, BUET7 620_110000000000000_LAU_1964 Central Library, BUETReading Item   2015-06-202015-06-20 
2015-06-29620.11/LAU/1954 Reading section54028Central Library, BUET8 620_110000000000000_LAU_1954 Central Library, BUETReading Item   2015-06-292015-06-29 
2015-06-29620.11/LAU/1964 Reading section54019Central Library, BUET9 620_110000000000000_LAU_1964 Central Library, BUETReading Item   2015-06-292015-06-29 
2015-06-29620.11/LAU/1964 Reading section54020Central Library, BUET10 620_110000000000000_LAU_1964 Central Library, BUETReading Item   2015-06-292015-06-29 
2015-07-01620.11/LAU/1954 Reading section54014Central Library, BUET11 620_110000000000000_LAU_1954 Central Library, BUETReading Item   2015-07-012015-07-01